[Event "Busevec op U20 Girls 12th"]
[Site "Busevec"]
[Date "2013.05.18"]
[Round "2.3"]
[White "Rozic, Lucija"]
[Black "Ivekovic, Tihana"]
[Result "0-1"]
[WhiteElo "1632"]
[BlackElo "1974"]
[PlyCount "42"]
[EventDate "2013.05.18"]
[EventType "swiss (rapid)"]
[EventRounds "6"]
[EventCountry "CRO"]
[SourceTitle "EXT 2023"]
[Source "ChessBase"]
[SourceDate "2022.10.05"]
[SourceVersion "1"]
[SourceVersionDate "2022.10.05"]
[SourceQuality "1"]

1. Nf3 d5 2. c4 c6 3. e3 Nf6 4. Nc3 e6 5. d4 Bd6 6. b3 Nbd7 7. Be2 0-0 8. 0-0 Ne4 9. Bb2 f5 10. cxd5 exd5 11. a3 Rf6 12. Nxe4 fxe4 13. Ne5 Qe7 14. Nxd7 Bxd7 15. Bg4 Raf8 16. Qe2 Bxh2+ 17. Kh1 Rh6 18. Bxd7 Qxd7 19. f3 Qe7 20. g3 Bxg3+ 21. Kg2 Rh2+ 0-1

[Event "Valpovo op (Women) 15th"]
[Site "Valpovo"]
[Date "2012.12.09"]
[Round "7"]
[White "Rozic, Lucija"]
[Black "Ljikar, Tamara"]
[Result "0-1"]
[WhiteElo "1632"]
[BlackElo "1842"]
[PlyCount "82"]
[EventDate "2012.12.07"]
[EventType "swiss (rapid)"]
[EventRounds "7"]
[EventCountry "CRO"]
[SourceTitle "CBM 151 Extra"]
[Source "ChessBase"]
[SourceDate "2012.12.18"]
[SourceVersion "1"]
[SourceVersionDate "2012.12.18"]
[SourceQuality "1"]

1. c4 e5 2. Nc3 Nc6 3. Nf3 g6 4. g3 Bg7 5. Bg2 d6 6. 0-0 f5 7. d3 h6 8. e4 Nf6 9. Be3 0-0 10. Qd2 g5 11. exf5 Bxf5 12. a3 a5 13. Qe2 Qd7 14. Nd2 Rae8 15. Nde4 Nd4 16. Qd1 Bh3 17. Nxf6+ Bxf6 18. Qh5 Bxg2 19. Kxg2 Bg7 20. Bxd4 exd4 21. Ne4 Re5 22. Qd1 d5 23. cxd5 Qxd5 24. Qc2 c5 25. Kg1 c4 26. Rfe1 cxd3 27. Qxd3 Rfe8 28. f3 g4 29. Qf1 gxf3 30. Nd2 Re3 31. Nxf3 Rf8 32. Rxe3 dxe3 33. Kg2 Bxb2 34. Rd1 Qc6 35. Qe2 Bxa3 36. Qxe3 Bb4 37. Rf1 b5 38. Kg1 Bc5 39. Nd4 Rxf1+ 40. Kxf1 Qf6+ 41. Qf3 Bxd4 0-1

[Event "Valpovo op (Women) 15th"]
[Site "Valpovo"]
[Date "2012.12.08"]
[Round "3"]
[White "Brigljevic, Iva Mila"]
[Black "Rozic, Lucija"]
[Result "1/2-1/2"]
[WhiteElo "1559"]
[BlackElo "1632"]
[PlyCount "93"]
[EventDate "2012.12.07"]
[EventType "swiss (rapid)"]
[EventRounds "7"]
[EventCountry "CRO"]
[SourceTitle "CBM 151 Extra"]
[Source "ChessBase"]
[SourceDate "2012.12.18"]
[SourceVersion "1"]
[SourceVersionDate "2012.12.18"]
[SourceQuality "1"]

1. d4 Nf6 2. c4 d6 3. Nc3 g6 4. Nf3 Bg7 5. e4 0-0 6. Be2 Nbd7 7. Bg5 c5 8. 0-0 Qb6 9. e5 dxe5 10. dxe5 Ng4 11. Rb1 Re8 12. Nd5 Qd8 13. e6 fxe6 14. Nf4 Qb6 15. Qc2 Nde5 16. Nxe5 Nxe5 17. h4 Bf6 18. Bxf6 exf6 19. g4 Qc7 20. Nh3 Bd7 21. f4 Nf7 22. Bd3 f5 23. g5 Bc6 24. Rbe1 Nd6 25. Re5 Ne4 26. Nf2 Nxf2 27. Rxf2 b6 28. Rh2 Rad8 29. h5 Qd6 30. Bf1 Qd4+ 31. Qf2 Qd1 32. hxg6 Qg4+ 33. Bg2 Rd1+ 34. Re1 hxg6 35. Rxd1 Qxd1+ 36. Qf1 Qd4+ 37. Kh1 Bxg2+ 38. Rxg2 Kg7 39. Rh2 Rg8 40. Rg2 Rh8+ 41. Rh2 Rxh2+ 42. Kxh2 Qxb2+ 43. Kh1 Qxa2 44. Qe1 Qxc4 45. Qe5+ Kh7 46. Qc7+ Kg8 47. Qd8+ 1/2-1/2

[Event "Djakovo (Women) op 7th"]
[Site "Djakovo"]
[Date "2012.02.25"]
[Round "3"]
[White "Medic, Mirjana"]
[Black "Rozic, Lucija"]
[Result "1-0"]
[WhiteElo "2228"]
[BlackElo "1624"]
[PlyCount "35"]
[EventDate "2012.02.25"]
[EventType "swiss (rapid)"]
[EventRounds "6"]
[EventCountry "CRO"]
[SourceTitle "EXT 2014"]
[Source "ChessBase"]
[SourceDate "2013.11.20"]
[SourceVersion "1"]
[SourceVersionDate "2013.11.20"]
[SourceQuality "1"]

1. d4 Nf6 2. c4 d5 3. Nc3 Bf5 4. Nf3 e6 5. e3 dxc4 6. Bxc4 Bd6 7. Qe2 0-0 8. e4 Bg4 9. e5 Bxf3 10. Qxf3 Nc6 11. Be3 Bxe5 12. dxe5 Nxe5 13. Qe2 a6 14. Bc5 Nxc4 15. Bxf8 Nxb2 16. Qxb2 Kxf8 17. 0-0 b5 18. a4 1-0

[Event "CRO-chT U16 Girls"]
[Site "Topusko"]
[Date "2011.12.29"]
[Round "5"]
[White "Rozic, Lucija"]
[Black "Hrlec, Mia"]
[Result "1-0"]
[WhiteElo "1624"]
[BlackElo "1607"]
[PlyCount "61"]
[EventDate "2011.12.27"]
[EventType "team-tourn"]
[EventRounds "7"]
[EventCountry "CRO"]
[SourceTitle "CBM 146 Extra"]
[Source "ChessBase"]
[SourceDate "2012.02.29"]
[SourceVersion "1"]
[SourceVersionDate "2012.02.29"]
[SourceQuality "1"]

1. Nf3 Nf6 2. c4 e6 3. g3 d5 4. Bg2 Nc6 5. cxd5 Nxd5 6. Nc3 Be7 7. 0-0 0-0 8. e4 Nf6 9. d4 h6 10. a3 a6 11. Qd3 e5 12. d5 Qd6 13. Qc2 Na7 14. Be3 Nd7 15. Rac1 Nb6 16. Ne2 Bd8 17. Bc5 Qf6 18. Bxf8 Kxf8 19. Rfd1 Nb5 20. a4 Nd6 21. b3 Bg4 22. Ne1 Qg6 23. f3 Bd7 24. Nd3 Qf6 25. Qc3 Qg6 26. Nxe5 Qh7 27. Nxd7+ Nxd7 28. Bh3 Nb6 29. Nd4 g6 30. Qc5 Nd7 31. Bxd7 1-0

[Event "Valpovo op (Women) 14th"]
[Site "Valpovo"]
[Date "2011.12.03"]
[Round "5"]
[White "Turk, Tajana"]
[Black "Rozic, Lucija"]
[Result "0-1"]
[WhiteElo "1916"]
[BlackElo "1624"]
[PlyCount "64"]
[EventDate "2011.12.02"]
[EventType "swiss (rapid)"]
[EventRounds "7"]
[EventCountry "CRO"]
[SourceTitle "EXT 2014"]
[Source "ChessBase"]
[SourceDate "2013.11.20"]
[SourceVersion "1"]
[SourceVersionDate "2013.11.20"]
[SourceQuality "1"]

1. b3 d6 2. Bb2 e5 3. e3 Nf6 4. c4 Bf5 5. Nc3 Nbd7 6. Nge2 Be7 7. Ng3 Bg6 8. d4 0-0 9. Bd3 c6 10. 0-0 exd4 11. exd4 d5 12. f4 Bxd3 13. Qxd3 Re8 14. Rae1 Bd6 15. Rxe8+ Qxe8 16. Nf5 Bc7 17. Ba3 dxc4 18. bxc4 g6 19. Ne7+ Kg7 20. Re1 Qd8 21. f5 Ne5 22. Qd1 Nxc4 23. Bc1 Qd6 24. a3 Re8 25. Bf4 Qd7 26. Bxc7 Qxc7 27. Qe2 Nd6 28. fxg6 hxg6 29. Qe5 Qd7 30. Ne4 Ndxe4 31. Rxe4 Qe6 32. Nxg6 Kxg6 0-1

[Event "Valpovo op (Women) 14th"]
[Site "Valpovo"]
[Date "2011.12.02"]
[Round "1"]
[White "Sargac, Rajna"]
[Black "Rozic, Lucija"]
[Result "1-0"]
[WhiteElo "2132"]
[BlackElo "1624"]
[PlyCount "95"]
[EventDate "2011.12.02"]
[EventType "swiss (rapid)"]
[EventRounds "7"]
[EventCountry "CRO"]
[SourceTitle "EXT 2014"]
[Source "ChessBase"]
[SourceDate "2013.11.20"]
[SourceVersion "1"]
[SourceVersionDate "2013.11.20"]
[SourceQuality "1"]

1. e4 d6 2. d4 Nf6 3. Nc3 g6 4. Bg5 Bg7 5. e5 dxe5 6. dxe5 Qxd1+ 7. Rxd1 Nfd7 8. Nf3 c6 9. Bf4 0-0 10. Bc4 Nb6 11. Bb3 e6 12. Ne4 Nd5 13. Bg3 Ne7 14. h4 h5 15. 0-0 b6 16. Rd2 Ba6 17. Rfd1 c5 18. c4 Nbc6 19. Nf6+ Bxf6 20. exf6 Nf5 21. Ba4 Ncd4 22. Nxd4 cxd4 23. b3 Bb7 24. Be5 Rfd8 25. Bxd4 Nxh4 26. Bc3 Rxd2 27. Rxd2 Nxg2 28. Rd7 Be4 29. Rd4 Bb7 30. Bd2 Rc8 31. b4 a6 32. Bd1 e5 33. Rd7 Be4 34. f3 Bc6 35. Rd6 Nh4 36. Rd3 Nf5 37. Bb3 Nd4 38. Kf2 Re8 39. c5 bxc5 40. bxc5 Bb5 41. Rc3 e4 42. c6 Nxc6 43. a4 exf3 44. axb5 Re2+ 45. Kf1 Rxd2 46. bxc6 Rd8 47. c7 Rc8 48. Kf2 1-0

[Event "CRO-ch U17 Girls"]
[Site "Topusko"]
[Date "2011.07.28"]
[Round "7"]
[White "Rozic, Lucija"]
[Black "Vujnovic, Patricija"]
[Result "0-1"]
[WhiteElo "1614"]
[BlackElo "1930"]
[PlyCount "84"]
[EventDate "2011.07.24"]
[EventType "swiss"]
[EventRounds "9"]
[EventCountry "CRO"]
[SourceTitle "EXT 2012"]
[Source "ChessBase"]
[SourceDate "2011.11.24"]
[SourceVersion "1"]
[SourceVersionDate "2011.11.24"]
[SourceQuality "1"]

1. Nf3 Nf6 2. c4 e6 3. g3 d5 4. Bg2 Be7 5. 0-0 c6 6. cxd5 exd5 7. d4 0-0 8. Nc3 Re8 9. b3 Nbd7 10. Bb2 Nf8 11. Ne5 Bf5 12. Qd2 N6d7 13. Nd3 Bf6 14. Na4 Ne6 15. e3 Ng5 16. Nc3 Bh3 17. Qd1 Bxg2 18. Kxg2 Ne4 19. Re1 g6 20. Rc1 Bg7 21. Nxe4 dxe4 22. Nc5 b6 23. Nxd7 Qxd7 24. Qc2 Rac8 25. Ba3 h5 26. Qe2 Qd5 27. Rc2 Qa5 28. Bd6 Red8 29. b4 Qd5 30. Be5 Bxe5 31. dxe5 Qxe5 32. Rec1 Rd6 33. a4 Qe6 34. Qa6 Qd7 35. Qe2 Rd3 36. Rc4 Qd5 37. Qc2 Rd8 38. Rxc6 Rd2 39. Qc4 Qf5 40. Qf1 Qf3+ 41. Kg1 Rd1 42. Rxd1 Rxd1 0-1

[Event "CRO-ch U17 Girls"]
[Site "Topusko"]
[Date "2011.07.27"]
[Round "5"]
[White "Ljikar, Tamara"]
[Black "Rozic, Lucija"]
[Result "1-0"]
[WhiteElo "1766"]
[BlackElo "1614"]
[PlyCount "95"]
[EventDate "2011.07.24"]
[EventType "swiss"]
[EventRounds "9"]
[EventCountry "CRO"]
[SourceTitle "EXT 2012"]
[Source "ChessBase"]
[SourceDate "2011.11.24"]
[SourceVersion "1"]
[SourceVersionDate "2011.11.24"]
[SourceQuality "1"]

1. e4 d6 2. d4 Nf6 3. Nc3 Nbd7 4. f3 e5 5. Nge2 Be7 6. Be3 0-0 7. Qd2 c6 8. h4 h6 9. g4 Nh7 10. 0-0-0 Bxh4 11. Kb1 Bg5 12. dxe5 dxe5 13. Ng3 Bxe3 14. Qxe3 Qb6 15. Qc1 Nc5 16. Nh5 Ng5 17. Be2 Nce6 18. Rh2 Nd4 19. Rdh1 Qd8 20. Qe3 Be6 21. f4 exf4 22. Qxf4 Nxe2 23. Nxe2 Qe7 24. Neg3 Rad8 25. e5 Qd7 26. b3 Bxg4 27. Nxg7 f5 28. N7h5 Qd4 29. Nf6+ Kg7 30. Nxf5+ Bxf5 31. Qxf5 Rf7 32. Rf1 Rd5 33. Rg2 Kf8 34. Rxg5 hxg5 35. Nh7+ Ke8 36. Qxf7+ Kd8 37. e6 Re5 38. Qf8+ Kc7 39. e7 Qd7 40. Nxg5 Rxe7 41. Qf4+ Kb6 42. a4 a5 43. Nf7 Qd5 44. Nd6 Re2 45. Nc8+ Kc5 46. Qf5 Re5 47. Qf8+ Kd4 48. Rd1+ 1-0

[Event "CRO-ch U17 Girls"]
[Site "Topusko"]
[Date "2011.07.25"]
[Round "2"]
[White "Racki, Barbara"]
[Black "Rozic, Lucija"]
[Result "1-0"]
[WhiteElo "1875"]
[BlackElo "1614"]
[PlyCount "51"]
[EventDate "2011.07.24"]
[EventType "swiss"]
[EventRounds "9"]
[EventCountry "CRO"]
[SourceTitle "EXT 2012"]
[Source "ChessBase"]
[SourceDate "2011.11.24"]
[SourceVersion "1"]
[SourceVersionDate "2011.11.24"]
[SourceQuality "1"]

1. e4 d6 2. d4 Nf6 3. Nc3 g6 4. g3 Bg7 5. Bg2 0-0 6. Nf3 c6 7. a4 Nbd7 8. 0-0 Qc7 9. h3 e5 10. dxe5 dxe5 11. Be3 Nb6 12. Qe2 Be6 13. b3 Nh5 14. Rad1 f5 15. exf5 gxf5 16. Ng5 Bf7 17. a5 Nc8 18. Bc5 Re8 19. Nb5 cxb5 20. Nxf7 Qxf7 21. Bd5 Re6 22. Bxe6 Qxe6 23. Rd8+ Kf7 24. Qxh5+ Qg6 25. Qxg6+ hxg6 26. Rfd1 1-0

[Event "CRO-chT2 U20 Center"]
[Site "Zagreb"]
[Date "2011.03.19"]
[Round "2.12"]
[White "Srsan, Matija"]
[Black "Rozic, Lucija"]
[Result "1-0"]
[WhiteElo "1827"]
[BlackElo "1572"]
[PlyCount "83"]
[EventDate "2011.03.19"]
[EventType "team-swiss"]
[EventRounds "7"]
[EventCountry "CRO"]
[SourceTitle "EXT 2014"]
[Source "ChessBase"]
[SourceDate "2013.11.20"]
[SourceVersion "1"]
[SourceVersionDate "2013.11.20"]
[SourceQuality "1"]

1. e4 d6 2. d4 Nf6 3. Nc3 g6 4. Nf3 Bg7 5. Bc4 0-0 6. Bg5 c5 7. e5 dxe5 8. dxe5 Ng4 9. Qxd8 Rxd8 10. Nd5 Nc6 11. 0-0-0 Bf5 12. Bxe7 Nxe7 13. Nxe7+ Kf8 14. Nxf5 gxf5 15. Rde1 Nxf2 16. Rhf1 Ne4 17. Bd3 Bh6+ 18. Kb1 Nd2+ 19. Nxd2 Bxd2 20. Rd1 Be3 21. Bxf5 Kg7 22. Be4 Bd4 23. Rf5 Bxe5 24. Bd5 f6 25. h3 Rd7 26. c4 Rad8 27. Rf3 b5 28. Rfd3 bxc4 29. Bxc4 Rd4 30. b3 Rb8 31. Rxd4 Bxd4 32. Re1 Rb7 33. Kc2 h6 34. Bd3 a5 35. a4 Be5 36. g4 Rb4 37. Re4 Rb7 38. h4 Rf7 39. h5 Bd4 40. Re6 Ra7 41. Bc4 Ra8 42. Kd3 1-0

[Event "Valpovo op (Women)"]
[Site "Valpovo"]
[Date "2010.12.05"]
[Round "7"]
[White "Raguz, Ivanka"]
[Black "Rozic, Lucija"]
[Result "1-0"]
[WhiteElo "1884"]
[BlackElo "1533"]
[PlyCount "47"]
[EventDate "2010.12.03"]
[EventType "swiss"]
[EventRounds "7"]
[EventCountry "CRO"]
[SourceTitle "CBM 139 Extra"]
[Source "ChessBase"]
[SourceDate "2011.01.05"]
[SourceVersion "1"]
[SourceVersionDate "2011.01.05"]
[SourceQuality "1"]

1. d4 d5 2. c4 Nf6 3. cxd5 Nxd5 4. e4 Nb6 5. Nc3 e6 6. Nf3 c5 7. Bb5+ Bd7 8. Bxd7+ N8xd7 9. 0-0 Qc7 10. d5 exd5 11. exd5 0-0-0 12. Nb5 Qb8 13. Ng5 Ne5 14. d6 Bxd6 15. Qc2 a6 16. Nxd6+ Qxd6 17. Qf5+ Rd7 18. Bf4 Nbc4 19. Nxf7 Qf6 20. Qxf6 gxf6 21. Nxh8 Rd8 22. Bxe5 Nxe5 23. f4 Nc6 24. Nf7 1-0

[Event "CRO-chT2 North (Women)"]
[Site "Topusko"]
[Date "2010.08.26"]
[Round "1.12"]
[White "Rozic, Lucija"]
[Black "Rozic, Vesna"]
[Result "0-1"]
[WhiteElo "1522"]
[BlackElo "2287"]
[PlyCount "86"]
[EventDate "2010.08.26"]
[EventType "team-tourn"]
[EventRounds "7"]
[EventCountry "CRO"]
[SourceTitle "EXT 2012"]
[Source "ChessBase"]
[SourceDate "2011.11.24"]
[SourceVersion "1"]
[SourceVersionDate "2011.11.24"]
[SourceQuality "1"]

1. e4 e6 2. d4 d5 3. exd5 exd5 4. Nf3 Bd6 5. Bd3 Nc6 6. 0-0 Bg4 7. c3 Nge7 8. Bg5 Qd7 9. Bxe7 Nxe7 10. Nbd2 0-0-0 11. Qc2 Kb8 12. b4 Ng6 13. Rfe1 f6 14. g3 Bh3 15. Bf1 Bxf1 16. Kxf1 Qg4 17. Qd3 h5 18. Qe2 Qh3+ 19. Kg1 h4 20. Qe6 hxg3 21. Qxh3 gxf2+ 22. Kxf2 Rxh3 23. Rg1 Rh6 24. Rg2 Bf8 25. Nb3 b6 26. a4 Kc8 27. a5 Nh4 28. Nxh4 Rxh4 29. axb6 axb6 30. Nd2 Rh3 31. Nf3 Kd7 32. Rg3 Rh7 33. Rgg1 Ke6 34. Ra7 Bd6 35. Kg2 g5 36. h3 Rdh8 37. Rh1 Kf7 38. Raa1 Re8 39. Rae1 Rhh8 40. Kf2 Rxe1 41. Rxe1 Rxh3 42. Rf1 g4 43. Nd2 Rxc3 0-1

[Event "CRO-ch U17 Girls"]
[Site "Bjelolasica"]
[Date "2010.07.29"]
[Round "7"]
[White "Rozic, Lucija"]
[Black "Keckes, Anamaria"]
[Result "0-1"]
[WhiteElo "1522"]
[BlackElo "1754"]
[PlyCount "52"]
[EventDate "2010.07.25"]
[EventType "swiss"]
[EventRounds "9"]
[EventCountry "CRO"]
[SourceTitle "EXT 2011"]
[Source "ChessBase"]
[SourceDate "2010.11.26"]
[SourceVersion "1"]
[SourceVersionDate "2010.11.26"]
[SourceQuality "1"]

1. e4 e5 2. Nf3 Nf6 3. Nc3 Nc6 4. Bb5 d6 5. d3 Be7 6. 0-0 0-0 7. h3 Bd7 8. Ne2 a6 9. Ba4 b5 10. Bb3 Na5 11. c3 c5 12. Bc2 Nc6 13. d4 cxd4 14. cxd4 exd4 15. Nexd4 Qc7 16. Nxc6 Bxc6 17. Qe2 Rfe8 18. Nd4 Bb7 19. f3 Bf8 20. Bg5 Qe7 21. Nf5 Qe5 22. Rac1 Rac8 23. Kh1 Qxf5 24. exf5 Rxe2 25. Bb3 Nh5 26. Kh2 d5 0-1

[Event "CRO-ch U17 Girls"]
[Site "Bjelolasica"]
[Date "2010.07.28"]
[Round "6"]
[White "Detelic, Manuela"]
[Black "Rozic, Lucija"]
[Result "1-0"]
[WhiteElo "1512"]
[BlackElo "1522"]
[PlyCount "97"]
[EventDate "2010.07.25"]
[EventType "swiss"]
[EventRounds "9"]
[EventCountry "CRO"]
[SourceTitle "EXT 2011"]
[Source "ChessBase"]
[SourceDate "2010.11.26"]
[SourceVersion "1"]
[SourceVersionDate "2010.11.26"]
[SourceQuality "1"]

1. Nf3 e6 2. g3 d5 3. d3 c5 4. Bg2 Nf6 5. Nbd2 Be7 6. 0-0 0-0 7. e4 dxe4 8. Nxe4 Nc6 9. b3 b6 10. Bb2 Bb7 11. Nfd2 Rb8 12. h4 h6 13. Nc4 Nd4 14. Bc1 Nxe4 15. Bxe4 Bxe4 16. dxe4 f6 17. c3 Nc6 18. Qe2 Qe8 19. h5 b5 20. Nb2 f5 21. e5 Bg5 22. Nd3 c4 23. bxc4 bxc4 24. Nf4 Bxf4 25. Bxf4 Na5 26. Rab1 Qe7 27. Rxb8 Rxb8 28. Rc1 Qc5 29. g4 Rf8 30. g5 hxg5 31. Bxg5 f4 32. Qe4 Rf5 33. Bxf4 Rxh5 34. Qg6 Rf5 35. Qxe6+ Rf7 36. Qg4 Qf8 37. Bg3 Re7 38. Qe4 Qd8 39. Qd4 Qxd4 40. cxd4 Kf7 41. f4 Ke6 42. Be1 Nc6 43. Rxc4 Kd5 44. Rc5+ Kxd4 45. Rxc6 Ke4 46. Bg3 Kf5 47. Kf2 g6 48. Kf3 Re8 49. Rf6# 1-0

[Event "CRO-ch U17 Girls"]
[Site "Bjelolasica"]
[Date "2010.07.26"]
[Round "2"]
[White "Zagorec, Ana"]
[Black "Rozic, Lucija"]
[Result "0-1"]
[WhiteElo "1767"]
[BlackElo "1522"]
[PlyCount "36"]
[EventDate "2010.07.25"]
[EventType "swiss"]
[EventRounds "9"]
[EventCountry "CRO"]
[SourceTitle "EXT 2011"]
[Source "ChessBase"]
[SourceDate "2010.11.26"]
[SourceVersion "1"]
[SourceVersionDate "2010.11.26"]
[SourceQuality "1"]

1. e4 e6 2. d4 d5 3. exd5 exd5 4. Nf3 Bf5 5. Bd3 Bxd3 6. Qxd3 Nf6 7. c3 Bd6 8. 0-0 0-0 9. h3 h6 10. b3 Nbd7 11. c4 c6 12. Nc3 dxc4 13. bxc4 Re8 14. c5 Bc7 15. Nh4 Nxc5 16. Qc4 Nfe4 17. Nxe4 Nxe4 18. Be3 Qxh4 0-1

[Event "CRO-ch U15 Girls 19th"]
[Site "Sibenik"]
[Date "2010.07.03"]
[Round "9"]
[White "Kukic, Lora"]
[Black "Rozic, Lucija"]
[Result "1-0"]
[WhiteElo "1738"]
[BlackElo "1522"]
[PlyCount "49"]
[EventDate "2010.06.28"]
[EventType "swiss"]
[EventRounds "9"]
[EventCountry "CRO"]
[SourceTitle "CBM 137 Extra"]
[Source "ChessBase"]
[SourceDate "2010.09.01"]
[SourceVersion "1"]
[SourceVersionDate "2010.09.01"]
[SourceQuality "1"]

1. d4 d5 2. Nf3 Nf6 3. c4 c6 4. Nc3 dxc4 5. a4 Bf5 6. e3 e6 7. Bxc4 Bd6 8. 0-0 0-0 9. Re1 Ne4 10. Bd3 Nxc3 11. bxc3 Bxd3 12. Qxd3 Nd7 13. e4 e5 14. Bg5 f6 15. Bd2 Re8 16. Rab1 Rb8 17. c4 exd4 18. Nxd4 Nc5 19. Qf3 Nxa4 20. Ra1 Be5 21. Rxa4 Bxd4 22. Bf4 Rc8 23. Qb3 Qe7 24. c5+ Kh8 25. Rxd4 1-0

[Event "CRO-ch U15 Girls 19th"]
[Site "Sibenik"]
[Date "2010.07.01"]
[Round "7"]
[White "Hrlec, Mia"]
[Black "Rozic, Lucija"]
[Result "1/2-1/2"]
[WhiteElo "1630"]
[BlackElo "1522"]
[PlyCount "123"]
[EventDate "2010.06.28"]
[EventType "swiss"]
[EventRounds "9"]
[EventCountry "CRO"]
[SourceTitle "CBM 137 Extra"]
[Source "ChessBase"]
[SourceDate "2010.09.01"]
[SourceVersion "1"]
[SourceVersionDate "2010.09.01"]
[SourceQuality "1"]

1. e4 e6 2. d4 d5 3. exd5 exd5 4. c4 Nf6 5. Nc3 c6 6. c5 Bf5 7. f3 h6 8. Bd3 Bxd3 9. Qxd3 Be7 10. Nge2 Nbd7 11. 0-0 0-0 12. Bf4 b6 13. b4 b5 14. Ng3 Re8 15. Qd2 Nf8 16. Nf5 Ng6 17. Be3 Qd7 18. Qd3 a5 19. a3 Ra7 20. Ne2 Rea8 21. Nxe7+ Qxe7 22. Bd2 axb4 23. Bxb4 Nh5 24. Rfe1 Qc7 25. Qf5 Nhf4 26. Nxf4 Qxf4 27. Qxf4 Nxf4 28. Re3 Ne6 29. Rd1 g5 30. g3 Kg7 31. Kg2 Kg6 32. h3 Re7 33. Rde1 Rae8 34. Kf2 f5 35. g4 fxg4 36. fxg4 Kf7 37. Bc3 Nf4 38. Bd2 Re4 39. Bc3 Rxe3 40. Rxe3 Rxe3 41. Kxe3 Nxh3 42. Be1 Kg6 43. Bd2 h5 44. gxh5+ Kxh5 45. Kf3 Kh4 46. Be1+ Kh5 47. Bd2 g4+ 48. Kg3 Ng1 49. Kf4 Ne2+ 50. Ke5 g3 51. Be3 g2 52. Kd6 g1Q 53. Bxg1 Nxg1 54. Kxc6 Ne2 55. Kd6 Nxd4 56. Kxd5 Nf5 57. c6 Kg6 58. c7 Kf7 59. Kc6 Ne7+ 60. Kxb5 Ke8 61. a4 Kd7 62. Kb6 1/2-1/2

[Event "CRO-ch U15 Girls 19th"]
[Site "Sibenik"]
[Date "2010.06.29"]
[Round "4"]
[White "Rozic, Lucija"]
[Black "Detelic, Manuela"]
[Result "1-0"]
[WhiteElo "1522"]
[BlackElo "1512"]
[PlyCount "107"]
[EventDate "2010.06.28"]
[EventType "swiss"]
[EventRounds "9"]
[EventCountry "CRO"]
[SourceTitle "CBM 137 Extra"]
[Source "ChessBase"]
[SourceDate "2010.09.01"]
[SourceVersion "1"]
[SourceVersionDate "2010.09.01"]
[SourceQuality "1"]

1. e4 e5 2. Nf3 Nc6 3. Bb5 a6 4. Ba4 b5 5. Bb3 Nf6 6. d3 d6 7. 0-0 Be7 8. c3 Na5 9. Bc2 c5 10. Nbd2 Bg4 11. h3 Bh5 12. Re1 0-0 13. Nf1 c4 14. d4 Bxf3 15. Qxf3 exd4 16. cxd4 Qb6 17. Be3 Qc7 18. Rac1 Rad8 19. d5 Nd7 20. Bd4 Bf6 21. Bxf6 Nxf6 22. Qg3 Rfe8 23. f3 Nb7 24. Ne3 Nc5 25. Red1 Qb6 26. Kh2 Nd3 27. Nf5 g6 28. Bxd3 cxd3 29. Rxd3 Kf8 30. Rc6 Qa7 31. Nxd6 Re7 32. Nc8 Nh5 33. Qe1 Qb8+ 34. d6 Red7 35. Qc3 Ng7 36. Kg1 b4 37. Qc4 a5 38. Nb6 Qa7 39. Qa6 Qxa6 40. Nxd7+ Rxd7 41. Rxa6 Ne6 42. Rxa5 Rb7 43. d7 Ke7 44. Rad5 Rb8 45. g3 Rd8 46. Rb5 Rxd7 47. Rxd7+ Kxd7 48. Rxb4 Nc5 49. Rd4+ Kc7 50. Rc4 Kb6 51. Rxc5 Kxc5 52. Kf2 Kd4 53. b4 Kc4 54. a3 1-0

[Event "Busevec op U20 Girls 09th"]
[Site "Busevec"]
[Date "2010.05.08"]
[Round "5"]
[White "Purgar, Ivona"]
[Black "Rozic, Lucija"]
[Result "1-0"]
[WhiteElo "2123"]
[BlackElo "1522"]
[PlyCount "63"]
[EventDate "2010.05.07"]
[EventType "swiss (rapid)"]
[EventRounds "7"]
[EventCountry "CRO"]
[SourceTitle "EXT 2011"]
[Source "ChessBase"]
[SourceDate "2010.11.26"]
[SourceVersion "1"]
[SourceVersionDate "2010.11.26"]
[SourceQuality "1"]

1. e4 e6 2. d4 d5 3. Nc3 Nf6 4. e5 Nfd7 5. f4 c5 6. Nf3 Nc6 7. Be3 Qc7 8. Be2 cxd4 9. Nxd4 Nxd4 10. Bxd4 Nc5 11. 0-0 Bd7 12. Kh1 a6 13. a4 Rc8 14. Bf3 b5 15. axb5 Bxb5 16. Nxb5 axb5 17. f5 Be7 18. fxe6 fxe6 19. Bg4 Qc6 20. Qf3 Rf8 21. Qh3 Rxf1+ 22. Rxf1 Kd7 23. Qxh7 g5 24. Bxc5 Qxc5 25. Bxe6+ Kc7 26. Bxc8 Kxc8 27. h3 Qc7 28. Rf7 Kd8 29. e6 Qd6 30. Qg8+ Kc7 31. Qe8 Kb6 32. Qxe7 1-0